Nástroje aktívnej politiky trhu práce v Slovenskej republike

Riešenie problému nezamestnanosti prostredníctvom národných projektov. Podpora zamestnávania nezamestnaných s dôrazom na znevýhodnené skupiny na trhu práce. Podpora zamestnávania občanov so zdravotným postihnutím. Aktivácia nezamestnaných a nezamestnaných s nízkou motiváciou odkázaných na dávku v hm...

Ausführliche Beschreibung

Gespeichert in:
Bibliographische Detailangaben
1. Verfasser: Pechová, Michaela, 1977-
Format: Buchkapitel
Sprache:Slowakisch
Schlagworte:
Tags: Tag hinzufügen
Keine Tags, Fügen Sie das erste Tag hinzu!

MARC

LEADER 00000nla$a2200000$$$4500
001 0066123
005 20240502083158.6
041 0 |a slo 
044 |a CZ 
245 1 0 |a Nástroje aktívnej politiky trhu práce v Slovenskej republike  |c Michaela Pechová 
520 |a Riešenie problému nezamestnanosti prostredníctvom národných projektov. Podpora zamestnávania nezamestnaných s dôrazom na znevýhodnené skupiny na trhu práce. Podpora zamestnávania občanov so zdravotným postihnutím. Aktivácia nezamestnaných a nezamestnaných s nízkou motiváciou odkázaných na dávku v hmotnej núdzi. Absolventská prax. Teoretická a praktická príprava zamestnancov na získanie nových vedomostí a odborných zručností. Vzdelávanie a príprava pre trh práce a zamestnanecká prax. 
610 2 0 |a trh práce 
610 2 0 |a zamestnanosť 
610 2 0 |a nezamestnanosť 
610 2 0 |a politika zamestnanosti 
610 2 0 |a zamestnanie 
610 2 0 |a prax odborná 
610 2 0 |a absolventi 
610 2 0 |a dielne 
610 2 0 |a invalidita 
610 2 0 |a núdza hmotná 
610 2 0 |a vzdelávanie 
100 1 |a Pechová, Michaela, 1977-